000 00232nam a2200121Ia 4500
100 _a#N/A
942 _cBK
245 _aMy SQL 5.1 FOR PROFESSIONALS BY SPD
260 _b#N/A
082 _b21933
546 _aENGLISH
999 _c26221
_d26221